| 000 | 00755nam a2200241 a 4500 | ||
|---|---|---|---|
| 008 | |||
| 020 | _a99668310906 | ||
| 049 | _aMAIN | ||
| 090 | 0 | 1 |
_aHC800 _bIND |
| 245 | 0 | 0 |
_aIndustrialization at bay : _bAfrican experiences / _cedited by P. Anyang' Nyong'o, Peter Coughlin. |
| 260 |
_aNairobi, Kenya : _bAcademy Science Publishers, _c1991. |
||
| 300 |
_axi, 183 p. ; _c21 cm. |
||
| 504 | _aIncludes bibliographical references. | ||
| 500 | _aIncludes index. | ||
| 650 | 0 |
_aIndustrialization _zAfrica. |
|
| 700 | 1 | _aNyong'o, Peter Anyang'. | |
| 700 | 1 | _aCoughlin, Peter E. | |
| 907 |
_a.b10080508 _b21-09-12 _c05-07-03 |
||
| 003 | |||
| 005 | 20230123133320.0 | ||
| 040 | _cNUST | ||
| 942 |
_cBOOKS _kHC800 _mIND |
||
| 999 |
_c146484 _d146484 |
||